000 00775nam a2200253 i 4500
001 bg
100 1 _aSosulski, Władysław.
245 1 0 _aZbiór zadań z analizy matematycznej :
_bskrypt.
_nCz. 1 /
_cWładysław Sosulski, Jan Szajkowski ; Uniwersytet Zielonogórski.
250 _aWyd. 2 popr. i uzup.
260 _aZielona Góra :
_bUZ,
_c2002.
300 _a205, [1] s. :
_bil. ;
_c24 cm.
504 _aBibliogr.
650 9 _aAnaliza matematyczna
655 _aĆwiczenia i zadania dla szkół wyższych
700 1 _aSzajkowski, Jan
710 0 _aUniwersytet Zielonogórski
020 _a8389042045
040 _cBPK
041 0 _apol
080 _a517(075.8)(076)
920 _a83-89042-04-5
942 _cKS
008 s pl f |000 0 pol
999 _c42645
_d42645
856 _uhttp://koha.tu.koszalin.pl/cgi-bin/koha/opac-detail.pl?biblionumber=42645
_yKatalog online BPK